El clima de Chile

Kaydedildi:
Detaylı Bibliyografya
Yazar: Vicuña Mackenna, Benjamín, 1831-1886 (Yazar)
Materyal Türü: Kitap
Dil:İspanyolca
Baskı/Yayın Bilgisi: Buenos Aires, Argentina Francisco de Aguirre 1970
Edisyon:Segunda edición
Seri Bilgileri:Biblioteca Francisco de Aguirre, 16
Colección Vicuña Mackenna, 2
Konular:
Etiketler: Etiketle
Etiket eklenmemiş, İlk siz ekleyin!

MARC

LEADER 00000nam a2200000 a 4500
001 UCU1998
003 CL-VaPUC
005 20221004074540.0
008 960419e19700000AG |||||||||||||||||spa|d
999 |c 246406  |d 246404 
040 |c Pontificia Universidad Católica de Valparaíso 
082 0 4 |a 551.698 VIC 1970  |2 21 
100 |a Vicuña Mackenna, Benjamín,  |d 1831-1886  |x Político e historiador   |z Chile   |e author  |9 374 
245 1 3 |a El clima de Chile 
250 |a Segunda edición 
260 |a Buenos Aires, Argentina  |b Francisco de Aguirre  |c 1970 
300 |a 399 páginas 
490 0 |a Biblioteca Francisco de Aguirre,  |v  16 
490 0 |a Colección Vicuña Mackenna,  |v  2 
583 |a last modification  |c 19960419 00:00:00  |k Rodrigo Vera 
650 0 |a Clima  |z CHILE  |9 265281 
650 0 |a Cambios climáticos   |z CHILE  |9 262050 
852 |a BIBCUR 
942 |c BK  |2 ddc 
945 |d 19960419 00:00:00  |a lriquelm 
952 |0 0  |1 0  |2 ddc  |4 0  |6 551_698000000000000_VIC_1970  |7 0  |8 A  |9 261357  |a BIBING  |b BIBING  |d 2019-11-19  |i 2017261  |o 551.698 VIC 1970  |p 2017261  |r 2025-01-20  |t 3  |w 2019-11-19  |y BK  |k ING 
952 |0 0  |1 0  |2 ddc  |4 0  |6 551_698000000000000_VIC_1970  |7 0  |8 A  |9 261358  |a BIBING  |b BIBING  |d 2019-11-19  |i 1650416  |o 551.698 VIC 1970  |p 1650416  |r 2025-01-20  |t 4  |w 2019-11-19  |y BK  |k GEO 
952 |0 0  |1 0  |2 ddc  |4 0  |6 551_698000000000000_VIC_1970  |7 0  |8 A  |9 261359  |a BIBHIS  |b BIBHIS  |d 2019-11-19  |i 1365495  |o 551.698 VIC 1970  |p 1365495  |r 2025-01-20  |t 2  |w 2019-11-19  |y BK  |k HIS 
952 |0 0  |1 0  |2 ddc  |4 0  |6 551_698000000000000_VIC_1970  |7 0  |8 P  |9 261360  |a BIBDER  |b BIBDER  |d 2019-11-19  |i 3935043  |o 551.698 VIC 1970  |p 3935043  |r 2023-01-25  |t 1  |w 2019-11-19  |y BK  |k DER